| 000 | 00811nam a2200277 a 4500 | ||
|---|---|---|---|
| 999 |
_c2765 _d2765 |
||
| 006 | a||||go||d| 00| 0 | ||
| 007 | cr ||||||||||| | ||
| 008 | 840315s1985 enka ob 001 0 eng d | ||
| 020 |
_a9780408011754 _c(ebook) |
||
| 040 |
_aKO _beng |
||
| 044 | _aenk | ||
| 082 | 0 | 0 |
_a620.11223 _219 |
| 100 | 1 | _aChandler, Kenneth A. | |
| 245 | 1 | 0 |
_aMarine and offshore corrosion / _cKenneth A. Chandler. |
| 260 |
_aLondon ; _aBoston : _bButterworths, _c1985. |
||
| 300 | _a1 online resource | ||
| 440 | 0 | _aMarine engineering series | |
| 504 | _aIncludes bibliographies and index. | ||
| 650 | 0 | _aSeawater corrosion. | |
| 650 | 0 |
_aOffshore structures _xCorrosion. |
|
| 856 | 4 | 0 | _uhttps://www.sciencedirect.com/science/book/9780408011754 |
| 904 | _aA_BOSE | ||
| 905 | _aR_RANJAN | ||
| 942 | _cEB | ||